LEADER 00947nam0-2200313---450- 001 990008428220403321 005 20061129104156.0 010 $a0-7099-4928-6 035 $a000842822 035 $aFED01000842822 035 $a(Aleph)000842822FED01 035 $a000842822 100 $a20061128d1988----km-y0itay50------ba 101 0 $aeng 102 $aUS 105 $ay---a---001yy 200 1 $aBritish labour management & industrial welfare$e1846-1939$fRobert Fitzgerald 210 $aLondon ; New York ; Sydney$cCroom Helm$d1988 215 $a271 p.$d22 cm 610 0 $aAssistenza sociale$aIndustria$aGran Bretagna 676 $a658.38$v21$zita 700 1$aFitzgerald,$bRobert$0501759 801 0$aIT$bUNINA$gRICA$2UNIMARC 901 $aBK 912 $a990008428220403321 952 $a658.38 FIT 1$bDip. disc. st. 3520$fFLFBC 959 $aFLFBC 996 $aBritish labour management & industrial welfare$9726675 997 $aUNINA LEADER 00846nam0-22003131i-450- 001 990007954060403321 005 20041122122356.0 010 $a88-14-02335-2 035 $a000795406 035 $aFED01000795406 035 $a(Aleph)000795406FED01 035 $a000795406 100 $a20041119d1990----km-y0itay50------ba 101 0 $aita 102 $aIT 105 $ay-------001yy 200 1 $a<>tasse di concessione comunale$fSilla di Ciaccia 210 $aMilano$cA. Giuffrè$dstampa 1990 215 $aXIII, 461 p.$d23 cm 225 1 $aFinanza locale 676 $a343.4505$v12$zita 700 1$aDi Ciaccia,$bSilla$0411025 801 0$aIT$bUNINA$gRICA$2UNIMARC 901 $aBK 912 $a990007954060403321 952 $aF 294$bs.i.$fDSS 959 $aDSS 996 $aTasse di concessione comunale$962665 997 $aUNINA